00619nam a2200145 a 450000100100000000500170001000800410002704000250006810000290009324501240012226000770024630000280032395201050035199900170045600004497720201002045758.0150127s1992 dr a 000 0 spa d aDO-SdBNPbspacBNPHU1 aLorenzo, David R.97299110aEstudio Socio-economico de los Trabajadores de la Prensa :bbreve historia del periodismo sindical /cDavid R. Lorenzo. aSanto Domingo :bSindicato nacional de trabajadores de la prensa,c1992. a240 p. :bil. ;c21 cm. 0010718PDaPDbPDcCTd2015-01-27iLF1l0o p44977-10r2020-06-25w2020-06-25yLFPDZNo se presta c44466d44466